いらすとやの日本人のイラスト2 - Statistics

General Stats
  • This quiz has been taken 284 times
  • The average score is 10 of 20
Answer Stats
Picture Answer % Correct
野口英世
99%
坂本龍馬
89%
西郷隆盛
87%
聖徳太子
84%
千利休
80%
与謝野晶子
76%
杉田玄白
72%
大久保利通
71%
沖田総司
52%
木戸孝允
51%
東郷平八郎
49%
牛若丸
47%
高杉晋作
46%
吉田松陰
29%
大石内蔵助
26%
森蘭丸
15%
遠山の金さん
13%
平清盛
9%
小野妹子
7%
竹鶴政孝
1%
No matching quizzes found
Score Distribution
Percent of People with Each Score
Percentile by Number Answered
Your Score History
You have not taken this quiz